Wealth: (Record no. 212468)

MARC details
000 -LEADER
fixed length control field 00572nam a22001937a 4500
005 - DATE AND TIME OF LATEST TRANSACTION
control field 20250722155115.0
010 ## - LCCN (DPL NO)
LC control number ENG-146071
020 ## - INTERNATIONAL STANDARD BOOK NUMBER
Terms of availability 450.00
International Standard Book Number 9788119524808
035 ## - SYSTEM CONTROL NUMBER
System control number EN-129603
037 ## - SOURCE OF ACQUISITION
Source of stock number/acquisition DBAD
082 ## - DEWEY DECIMAL CLASSIFICATION NUMBER
Classification number 616
100 ## - MAIN ENTRY--PERSONAL NAME
Personal name Kwakye, Derrick
245 ## - TITLE STATEMENT
Title Wealth:
Remainder of title The Dream of Many, But a Friend of Few/
Statement of responsibility, etc Derrick Kwakye
260 ## - PUBLICATION, DISTRIBUTION, ETC. (IMPRINT)
Place of publication, distribution, etc Kolkata
Name of publisher, distributor, etc Exceller Books
Date of publication, distribution, etc 2024
270 ## - ADDRESS
Address G1 Dream Apartment, Degree College Road
City Belgharia,Kolkata
300 ## - PHYSICAL DESCRIPTION
Extent 244p.
Dimensions 21cm(pb)
490 ## - SERIES STATEMENT
Volume number/sequential designation Part I
942 ## - ADDED ENTRY ELEMENTS (KOHA)
Source of classification or shelving scheme Dewey Decimal Classification
Item type English Books
Call number suffix KWA
Classification part 616
Holdings
Withdrawn status Lost status Not for loan Collection code Home library Current library Date acquired Source of acquisition Cost, normal purchase price Full call number Barcode Copy number Cost, replacement price Koha item type
      Non-fiction Sarojini Nagar Sarojini Nagar 22/07/2025 Delivery of Books Act Division 450.00 KWA 616 EN-129603 1 450.00 English Books

© Delhi Public Library
Hit Counter
free hit counter